000 00421nab a22001457 4500
003 ES-SlBCS
005 20210327224013.0
008 140317s2013 sp ||||| |||| 00| 0 spa d
040 _aES-SlBC
_bspa
041 _aspa
100 1 _aRivera, Mayra
_991672
245 1 0 _aCarne del mundo: corporeidad en la relación
_cMayra Rivera
773 0 _gNúm. 350, 2013, págs. 59-72
_tConcilium
_wRev134
_x0210-1041
942 _2lcc
_cAR
999 _c451991
_d451991